| 000 | 00495nam a2200169 a 4500 | ||
|---|---|---|---|
| 001 | 3023 | ||
| 005 | 20140414131931.0 | ||
| 008 | 060119s19uu xx 00 eng d | ||
| 020 | _a0-439-55094-7 | ||
| 050 |
_aREF 591.6803 _bT92 2004 |
||
| 100 | _aTwist, Clint. | ||
| 245 |
_aEndangered animals dictionary : _ban A to Z of threatened species. |
||
| 260 |
_aNew York : _bScholastic, _c2004. |
||
| 300 | _a64 p. ; cm. | ||
| 650 |
_aEndangered species _x Dictionaries, Juvenile. |
||
| 999 |
_c112199 _d112199 |
||